000 00422cam a22001337a 4500
008 180718b2011 xxu||||| |||| 00| 0 eng d
082 _aA81x54 011/31/Pap 1/2011
100 _aCensus of India 2011
245 _aGoa: provisional population totals
260 _aMiramar
_bDirectorate of Census Operations
_c2011
300 _a56p.
440 _aCensus of India 2011. Series-31, Goa. Paper 1 of 2011
650 _aGoa - Census
999 _c490041
_d490041